[Event "Challenge"]
[Site "http://www.queenalice.com/game.php?id=161321"]
[Date "2007.1.31"]
[Round "-"]
[White "Tvz"]
[Black "Jessica"]
[Result "1-0"]
[WhiteElo "1212"]
[BlackElo "1267"]

1. Nf3 d6 2. d4 Nc6 3. Qd3 Nb4 4. Qc3 Nd5 5. Qc4 Be6 6. Qa4+ Qd7 7. Qa3 Ngf6 8.
Qb3 Nb6 9. Qb4 Nfd5 10. Qa5 Nc4 11. Qxd5 Bxd5 12. Ng5 O-O-O 13. b3 Nb6 14. Nxf7
Bxf7 15. Nc3 Bg6 16. e4 d5 17. Nb5 Bxe4 18. Kd2 Kb8 19. a4 1-0

[Event "Challenge"]
[Site "http://www.queenalice.com/game.php?id=161399"]
[Date "2007.1.31"]
[Round "-"]
[White "millie"]
[Black "Jessica"]
[Result "1-0"]
[WhiteElo "1274"]
[BlackElo "1419"]

1. d4 e6 2. h4 Nf6 3. f3 Nc6 4. c3 d5 5. b4 Nh5 6. Rh3 e5 7. e3 Bxh3 8. gxh3
Qxh4+ 9. Kd2 exd4 10. exd4 O-O-O 11. b5 Ne7 12. a4 Nf5 13. Ne2 Be7 14. b6 Nd6
15. bxa7 Kd7 16. a5 Nb5 17. Qa4 c6 18. a6 bxa6 19. Qxa6 Ra8 20. Qb7+ Kd6 21. Qb6
Bg5+ 22. Kc2 Bf6 23. Qc5+ Kd7 24. Qb6 Ng3 25. Qb7+ Kd6 26. Ra6 Nxe2 27. Rxc6#
1-0

[Event "Challenge"]
[Site "http://www.queenalice.com/game.php?id=161407"]
[Date "2007.1.31"]
[Round "-"]
[White "rrainey22"]
[Black "Jessica"]
[Result "1-0"]
[WhiteElo "1615"]
[BlackElo "1341"]

1. d4 e6 2. e4 d5 3. e5 Nc6 4. c3 f6 5. f4 g6 6. Qa4 Qd7 7. b4 Be7 8. g3 Nb8 9.
Bb5 Nc6 10. Nf3 Nh6 11. h3 Nf5 12. Rg1 O-O 13. g4 Nh6 14. f5 exf5 15. Bxh6 Rf7
16. Nbd2 fxg4 17. hxg4 f5 18. gxf5 Rxf5 19. O-O-O Rh5 20. Be3 Qf5 21. Qc2 Qxc2+
22. Kxc2 Bf5+ 23. Bd3 1-0

[Event "Challenge"]
[Site "http://www.queenalice.com/game.php?id=161869"]
[Date "2007.2.1"]
[Round "-"]
[White "Jessica"]
[Black "Jhones"]
[Result "0-1"]
[WhiteElo "1500"]
[BlackElo "1532"]

1. e4 e5 2. Nf3 Bc5 3. Nc3 Nf6 4. Nxe5 d6 5. Qf3 dxe5 6. Bc4 Bg4 7. Qg3 Nc6 8.
Qh4 Qd4 9. b3 g5 10. Qh6 Qxf2# 0-1

[Event "AUTO-OPEN-539"]
[Site "http://www.queenalice.com/game.php?id=162182"]
[Date "2007.2.1"]
[Round "1"]
[White "Jessica"]
[Black "Kritikos"]
[Result "0-1"]
[WhiteElo "1228"]
[BlackElo "1488"]

1. e4 c5 2. Nf3 Nc6 3. Nc3 d6 4. Bb5 Bd7 5. Ng5 Ne5 6. d3 Bxb5 7. Nxb5 Qa5+ 8.
Nc3 h6 9. Nf3 Nf6 10. Nxe5 dxe5 11. O-O e6 12. Bd2 Qc7 0-1

[Event "AUTO-OPEN-539"]
[Site "http://www.queenalice.com/game.php?id=162183"]
[Date "2007.2.1"]
[Round "1"]
[White "Kritikos"]
[Black "Jessica"]
[Result "1-0"]
[WhiteElo "1494"]
[BlackElo "1220"]

1. d4 d5 2. c4 dxc4 3. e4 h6 4. Bxc4 e6 5. Nf3 Nf6 6. O-O Nxe4 7. Nc3 Nxc3 8.
bxc3 Nc6 9. Re1 Bd7 10. Ne5 Nxe5 11. dxe5 Qe7 12. Qb3 g5 13. Qxb7 1-0

[Event "AUTO-OPEN-539"]
[Site "http://www.queenalice.com/game.php?id=162184"]
[Date "2007.2.1"]
[Round "1"]
[White "Jessica"]
[Black "Philidor"]
[Result "0-1"]
[WhiteElo "1325"]
[BlackElo "1842"]

1. e4 e5 2. Nf3 Nc6 3. Nc3 f5 4. exf5 Nf6 5. Bc4 d5 6. Bd3 e4 7. Ng5 exd3 8.
cxd3 Bc5 9. Qe2+ Qe7 10. Qxe7+ Nxe7 11. O-O O-O 12. Re1 Ng4 13. a3 Bxf2+ 14. Kf1
Bxe1 15. Kxe1 Bxf5 16. d4 Bd3 17. Ne2 Nxh2 18. Ne6 Rf1# 0-1

[Event "AUTO-OPEN-539"]
[Site "http://www.queenalice.com/game.php?id=162185"]
[Date "2007.2.1"]
[Round "1"]
[White "Philidor"]
[Black "Jessica"]
[Result "1-0"]
[WhiteElo "1857"]
[BlackElo "1268"]

1. Nf3 d5 2. c4 Nf6 3. e3 dxc4 4. Bxc4 Bf5 5. Qb3 Be6 6. Bxe6 fxe6 7. Nc3 Qd7 8.
Qxb7 Qc6 9. Qxc6+ Nxc6 10. O-O O-O-O 11. d4 e5 12. dxe5 Ng4 13. e6 h6 14. e4 g5
15. Nd5 Nge5 16. Nxe5 Nxe5 17. Be3 a5 18. Rad1 1-0

[Event "Challenge"]
[Site "http://www.queenalice.com/game.php?id=164152"]
[Date "2007.2.6"]
[Round "-"]
[White "jocker_1"]
[Black "Jessica"]
[Result "0-1"]
[WhiteElo "1173"]
[BlackElo "1262"]

1. d4 d5 2. c4 dxc4 3. Nc3 Nf6 4. Nf3 Nc6 5. e3 Bf5 6. Bxc4 Nb4 7. O-O e6 8. Ne5
c6 9. Na4 Bd6 10. Nc5 Bxc5 11. dxc5 Qxd1 12. Rxd1 Nc2 13. e4 Nxa1 14. exf5 O-O
15. Bg5 exf5 16. Rxa1 Ne4 17. Bxf7+ Kh8 18. Be6 Nxg5 0-1

[Event "Challenge"]
[Site "http://www.queenalice.com/game.php?id=164222"]
[Date "2007.2.6"]
[Round "-"]
[White "jocker_1"]
[Black "Jessica"]
[Result "0-1"]
[WhiteElo "1173"]
[BlackElo "1246"]

1. d4 d5 2. c4 dxc4 3. Nc3 Bf5 4. Nf3 Nc6 5. e3 Nb4 6. Qa4+ Nc6 7. Bxc4 Nh6 8.
O-O e6 9. Ne5 Qe7 10. Nxc6 Qd6 11. Ne5+ c6 12. f4 Be7 13. b3 b5 14. Bxb5 cxb5
15. Nxb5 Qb6 16. Nd6+ Kd8 0-1

[Event "Challenge"]
[Site "http://www.queenalice.com/game.php?id=164455"]
[Date "2007.2.6"]
[Round "-"]
[White "jocker_1"]
[Black "Jessica"]
[Result "0-1"]
[WhiteElo "1173"]
[BlackElo "1277"]

1. d4 d5 2. c4 dxc4 3. Nc3 Nf6 4. Nf3 Nc6 5. e3 Bf5 6. Bxc4 Nb4 7. Qa4+ Nc6 8.
Qb3 Be6 9. Bxe6 fxe6 10. Qxe6 Nb4 11. O-O Qd7 12. Qc4 e6 13. Ne5 Qe7 14. Qb5+ c6
15. Nxc6 Nxc6 16. d5 Nxd5 0-1

[Event "Challenge"]
[Site "http://www.queenalice.com/game.php?id=167793"]
[Date "2007.2.12"]
[Round "-"]
[White "Tlaloc2k"]
[Black "Jessica"]
[Result "1-0"]
[WhiteElo "1554"]
[BlackElo "1268"]

1. e4 e5 2. Nf3 Nc6 3. Bc4 Nh6 4. c3 Bc5 5. O-O d6 6. d3 Bg4 7. Bxh6 gxh6 8.
Nbd2 Qe7 9. Bd5 Na5 10. b4 Bxf3 11. Qxf3 O-O-O 12. bxc5 dxc5 13. Bxf7 Rhf8 14.
Qh3+ Kb8 15. Bd5 c6 16. Bb3 Qd7 17. Be6 Qe7 18. Qxh6 Rf6 19. Qxf6 Qxf6 20. Bf5
1-0

[Event "Challenge"]
[Site "http://www.queenalice.com/game.php?id=169068"]
[Date "2007.2.15"]
[Round "-"]
[White "Jessica"]
[Black "Carlos75"]
[Result "0-1"]
[WhiteElo "1287"]
[BlackElo "2354"]

1. e4 e5 2. Nf3 Nc6 3. Nc3 Nf6 4. Bc4 Nxe4 5. Nxe4 d5 6. Bxd5 Qxd5 7. d3 Be7 8.
O-O Bg4 9. Nc3 Qd7 10. Qe1 Bxf3 11. gxf3 Nd4 12. Qxe5 Nxf3+ 13. Kg2 Nxe5 14. Rg1
Qg4+ 15. Kh1 Qf3+ 16. Rg2 Ng4 17. Be3 Nxe3 0-1

[Event "Challenge"]
[Site "http://www.queenalice.com/game.php?id=179404"]
[Date "2007.3.10"]
[Round "-"]
[White "Jessica"]
[Black "Francisco_Ferraz"]
[Result "0-1"]
[WhiteElo "1235"]
[BlackElo "1521"]

1. e4 c5 2. Nc3 Nf6 3. Nf3 d6 4. Bb5+ Nc6 5. Bxc6+ bxc6 6. O-O e5 7. d3 Be7 8.
Bg5 O-O 9. Bxf6 Bxf6 10. b3 Bg4 0-1